80 câu hỏi và gợi ý trả lời môn lịch sử và đường lối cách mạng của đảng cộng sản Việt Nam

sách tổng hợp 80 câu hỏi và gợi ý trả lời môn lịch sử và đường lối cách mạng của đảng cộng sản Việt Nam

Đã lưu trong:
Bibliografiske detaljer
Hovedforfatter: Đỗ Quang Ân
Format: Bog
Sprog:Vietnamese
Udgivet: H. Đại học Sư phạm 2010
Fag:
Tags: Tilføj Tag
Ingen Tags, Vær først til at tagge denne postø!
Thư viện lưu trữ: Mạng thư viện Đại học Đà Nẵng
LEADER 01382nam a2200337 4500
001 000016483
003 12885
005 20121106101144.0
008 121106s2010 viesd
020 |c 43000 
041 0 |a vie 
082 |a 324.2597071  |b ĐÔ- 
100 0 |a Đỗ Quang Ân 
245 0 |a 80 câu hỏi và gợi ý trả lời môn lịch sử và đường lối cách mạng của đảng cộng sản Việt Nam  |c Đỗ Quang Ân - Nguyễn Đức Chiến (ch.b) 
260 |a H.  |b Đại học Sư phạm  |c 2010 
300 |a 227 tr  |c 24 cm 
504 |a mục luc tr3 -4 
520 |a sách tổng hợp 80 câu hỏi và gợi ý trả lời môn lịch sử và đường lối cách mạng của đảng cộng sản Việt Nam 
650 |a lịch sử và đường lối cách mạng 
650 |a đảng cộng sản Việt Nam 
653 |a câu hỏi và gợi ý trả lời 
OWN |a LSP 
AVA |a UDN50  |b LSP  |d 324.2597071 ĐÔ-  |e check_holdings  |t Error 5003 Not defined in file expand_doc_bib_avail.  |h N  |k 1 
999 |a From the UDN01 
AVA |a UDN50  |b LSP  |d 324.2597071 ĐÔ-  |e available  |t Error 5001 Not defined in file expand_doc_bib_avail.  |f 55  |g 6  |h N  |i 59  |k 1 
TYP |a Monograph 
TYP |a Printed language 
980 |a Mạng thư viện Đại học Đà Nẵng